<?xml version="1.0" encoding="UTF-8"?><?xml-stylesheet type="text/xsl" href="static/style.xsl"?><OAI-PMH xmlns="http://www.openarchives.org/OAI/2.0/" xmlns:xsi="http://www.w3.org/2001/XMLSchema-instance" xsi:schemaLocation="http://www.openarchives.org/OAI/2.0/ http://www.openarchives.org/OAI/2.0/OAI-PMH.xsd"><responseDate>2026-04-14T05:36:44Z</responseDate><request verb="GetRecord" identifier="oai:www.recercat.cat:10230/60786" metadataPrefix="marc">https://recercat.cat/oai/request</request><GetRecord><record><header><identifier>oai:recercat.cat:10230/60786</identifier><datestamp>2025-12-17T20:25:02Z</datestamp><setSpec>com_2072_6</setSpec><setSpec>col_2072_452954</setSpec></header><metadata><record xmlns="http://www.loc.gov/MARC21/slim" xmlns:dcterms="http://purl.org/dc/terms/" xmlns:xsi="http://www.w3.org/2001/XMLSchema-instance" xmlns:doc="http://www.lyncode.com/xoai" xsi:schemaLocation="http://www.loc.gov/MARC21/slim http://www.loc.gov/standards/marcxml/schema/MARC21slim.xsd">
   <leader>00925njm 22002777a 4500</leader>
   <datafield ind2=" " ind1=" " tag="042">
      <subfield code="a">dc</subfield>
   </datafield>
   <datafield ind2=" " ind1=" " tag="720">
      <subfield code="a">Castaño Cabrera, Andrea</subfield>
      <subfield code="e">author</subfield>
   </datafield>
   <datafield ind2=" " ind1=" " tag="720">
      <subfield code="a">Esquirol Cano, Berta</subfield>
      <subfield code="e">author</subfield>
   </datafield>
   <datafield ind2=" " ind1=" " tag="720">
      <subfield code="a">Domingo Chiva, Clàudia</subfield>
      <subfield code="e">author</subfield>
   </datafield>
   <datafield ind2=" " ind1=" " tag="260">
      <subfield code="c">2024-07-18T14:33:42Z</subfield>
   </datafield>
   <datafield ind2=" " ind1=" " tag="260">
      <subfield code="c">2024-07-18T14:33:42Z</subfield>
   </datafield>
   <datafield ind2=" " ind1=" " tag="260">
      <subfield code="c">2024</subfield>
   </datafield>
   <datafield ind2=" " ind1=" " tag="520">
      <subfield code="a">Tutor: Mònika Jiménez Morales</subfield>
   </datafield>
   <datafield ind2=" " ind1=" " tag="520">
      <subfield code="a">Treball de fi de grau en Publicitat i Relacions Públiques</subfield>
   </datafield>
   <datafield ind2=" " ind1=" " tag="520">
      <subfield code="a">“Brownie: Pla de Comunicació pel Dia de la Mare” se centra en dissenyar una estratègia de comunicació per a la marca de moda femenina Brownie, en el context del Dia de la Mare. Es realitza una anàlisi exhaustiva de l&amp;apos;empresa, explorant la seva identitat, comunicació i posicionament en el mercat. D&amp;apos;altra banda, es proposa una campanya pràctica que inclou diverses accions de comunicació, una de les quals s’ha portat a terme. Aquestes iniciatives busquen alinear els valors familiars de Brownie amb la celebració del Dia de la Mare, creant experiències compartides que realcen la connexió emocional entre la marca i les seves clientes.</subfield>
   </datafield>
   <datafield ind2=" " ind1=" " tag="520">
      <subfield code="a">“Brownie: Communication Plan for Mother&amp;apos;s Day&amp;quot; focuses on designing a communication strategy&#xd;
for the female fashion brand Brownie, in the context of Mother&amp;apos;s Day. An exhaustive analysis of&#xd;
the company is carried out, exploring its identity, communication and positioning in the market. On&#xd;
the other hand, a practical campaign is proposed which includes various communication actions,&#xd;
one of which has been developed. These initiatives seek to align Brownie’s family values with the&#xd;
celebration of Mother’s Day, creating shared experiences that enhance the emotional connection&#xd;
between the brand and its customers.</subfield>
   </datafield>
   <datafield tag="653" ind2=" " ind1=" ">
      <subfield code="a">Moda</subfield>
   </datafield>
   <datafield ind2="0" ind1="0" tag="245">
      <subfield code="a">Brownie : pla de comunicació pel dia de la mare</subfield>
   </datafield>
</record></metadata></record></GetRecord></OAI-PMH>